Statistiche per Corsi di Laurea al Politecnico di Milano

Clicka qui per fare il quiz!

Statistiche generali

  • Questo quiz è stato fatto 38 volte
  • Il punteggio medio è 14 su 24

Statistiche sulle risposte

Risposta% Corretto
Ingegneria Informatica
89%
Ingegneria Fisica
85%
Progettazione dell'Architettura
85%
Ingegneria Gestionale
81%
Ingegneria Aerospaziale
78%
Ingegneria Chimica
78%
Ingegneria Edile e delle Costruzioni
78%
Ingegneria Matematica
78%
Ingegneria Meccanica
78%
Ingegneria Civile
70%
Ingegneria Biomedica
67%
Design della Moda
63%
Ingegneria Elettronica
63%
Ingegneria per l'Ambiente e il Territorio
63%
Ingegneria Elettrica
59%
Ingegneria Energetica
59%
Design degli Interni
56%
Ingegneria dell'Automazione
52%
Ingegneria dei Materiali e delle Nanotecnologie
41%
Design del Prodotto Industriale
33%
Design della Comunicazione
26%
Urbanisitca: Città Ambiente Paesaggio
26%
Ingegneria Civile per la Mitigazione del Rischio
11%
Ingegneria della Produzione Industriale
4%

Distribuzione punteggi

Percentile per numero di risposta

Percentuale di utenti per punteggio

I tuoi punteggi nel tempo

Non hai fatto questo quiz